Statistics for WWE NXT roster

Click here to take the quiz!

General Stats

  • This quiz has been taken 19 times
  • The average score is 39 of 85

Answer Stats

HintAnswer% Correct
Carmelo Hayes
100%
Trick Williams
92%
Bron Breakker
85%
NXTAndre Chase
77%
Roxanne Perez
77%
Wes Lee
77%
Axiom
69%
Gigi Dolin
69%
Joe Gacy
69%
Tiffany Stratton
69%
Duke Hudson
62%
Ilja Dragunov
62%
Indi Hartwell
62%
Joe Coffey
62%
Mark Coffey
62%
Tony D Angelo
62%
Tyler Bate
62%
Wolfgang
62%
Brutus Creed
54%
Cora Jade
54%
Dragon Lee
54%
Fallon Henley
54%
Isla Dawn
54%
Jacy Jayne
54%
JD McDonagh
54%
Josh Briggs
54%
Julius Creed
54%
Katana Chance
54%
Kayden Carter
54%
Kiana James
54%
Kit Wilson
54%
Nikkita Lyons
54%
Thea Hail
54%
Zoey Stark
54%
Ava Raine
46%
Cameron Grimes
46%
Channing Stacks Lorenzo
46%
Damon Kemp
46%
Dijak
46%
Drew Gulak
46%
Elektra Lopez
46%
Elton Prince
46%
Grayson Waller
46%
Ivy Nile
46%
Jagger Reid
46%
Lyra Valkyria
46%
Rip Fowler
46%
Von Wagner
46%
Apollo Crews
38%
Blair Davenport
38%
Brooks Jensen
38%
Charlie Dempsey
38%
Dani Palmer
38%
Eddy Thorpe
38%
Guru Raaj
38%
Jinder Mahal
38%
Nathan Frazer
38%
Oro Mensah
38%
Wendy Choo
38%
Amari Miller
31%
Boa
31%
Dante Chen
31%
Edris Enofe
31%
Hank Walker
31%
Ikemen Jiro
31%
Jakara Jackson
31%
Javier Bernal
31%
Lash Legend
31%
Malik Blade
31%
Meiko Satomura
31%
Roderick Strong
31%
Scrypts
31%
Sol Ruca
31%
Stevie Turner
31%
Tatum Paxley
31%
Valentina Feroz
31%
Veer Mahaan
31%
Xyon Quinn
31%
Yulisa Leon
31%
Arianna Grace
23%
Dabba-Kato
23%
Odyssey Jones
23%
Sanga
23%
Sarray
23%
Qunicy Elliott
0%

Score Distribution

Percentile by Number Answered

Percent of People with Each Score

Your Score History

You have not taken this quiz